Score 0/16 Timer 03:00
0 Plays Today
Song Title Missing Word % Correct
I Will Always ____ YouLove
99%
It's ____ or NeverNow
96.9%
Always on My ____Mind
96.2%
____ Can't Always Get What ____ WantYou
96.1%
Always Look on the ____ Side of LifeBright
95.9%
Never Gonna ____ You UpGive
93.8%
The ____ Always Shines on TVSun
88.8%
Never ____ Us ApartTear
82.7%
Song Title Missing Word % Correct
There Is a ____ That Never Goes OutLight
79.7%
____ & AlwaysForever
77.2%
Why Does It Always ____ on Me?Rain
74.3%
She's Always a ____Woman
73.2%
You'll Never ____ AloneWalk
63.5%
Never Say ____Die
60.6%
Never ____There
40.1%
The Day That Never ____Comes
34%

Today's Daily Dose

Missing Word
Marvin Gaye Songs

Quick Pick
Movies of 2019

Get the Picture
Chinese Cities

You're not logged in!

Compare scores with friends on all Sporcle quizzes.
OR
Log In

Sporcle TV

Today on Sporcle TV


Watch our educational content, quiz creation guides, and fun videos on Sporcle TV.

Show Comments

Extras

Top Quizzes Today


Score Distribution

Your Account Isn't Verified!

In order to create a playlist on Sporcle, you need to verify the email address you used during registration. Go to your Sporcle Settings to finish the process.

Report this User

Report this user for behavior that violates our Community Guidelines.

Details: